000 00690nam a2200217Ii 4500
003 JO-AjNU
008 230605s9999||||xx |||||||||||||| ||und||
017 _a2008/6/1979
040 _aJO-AjNU
_bara
_erda
_cJO-AjNU
041 _aara
050 1 4 _aHD37.A7.S24.2010
100 3 _aالسكارنه،بلال خلف,
_eauthor
_931514
245 0 0 _aدراسات ادارية معاصرة
250 _aط2 مزيدة ومنقحة
264 3 1 _aعمان:دار المسيرة للنشر والتوزيع،2010
300 _a432ص
336 _atext
_btxt
_2rdacontent
337 _aunmediated
_bn
_2rdamedia
338 _avolume
_bnc
_2rdacarrier
650 4 _aادارة اعمال
_931515
999 _aA12613
_c16181
_d16181